Datum a čas kvízu
35.5
Celkem bodů
Celkový počet nahraných bodů na tomto kvízu bez doplňovacích otázek.
7.
Pořadí na kvízu
Konečné umístění týmu na tomto kvízu.
Zaznamenané odpovědi
| # | Otázka | Odpověď | Body | Výsledky |
|---|---|---|---|---|
| 1. | Bývalý politik, který v součas... | 1 | ||
| 2. | Na jednu z částí souostroví Ga... | 0 | ||
| 3. | Česká televize minulé pondělí... | 1 | ||
| 4. | Americký výrobce elektromobilů... | 1 | ||
| 5. | Třetí muž průběžného pořadí ka... | 0 | ||
| 6. | Mezinárodní vesmírná stanice (... | 1 | ||
| 7. | V předchozí otázce bylo řečeno... | 1 | ||
| 8. | Standardní denní program posád... | 1 | ||
| 9. | Jak se jmenuje ruská kosmická... | 1 | ||
| 10. | První espresso kávovar, určený... | 1 |